=LDR 00000nam 2200000 4500 =001 INLIS000000000011401 =005 20130612102952 =008 ***********************************Ind** =035 ##$$0010-061300000011401 =041 ##$$a Ind =082 ##$$a 910.07 =090 ##$$a 910.07, Wid g =100 ##$$a Widayat, Gunawan =245 ##$$a Geografi untuk kelas 3 SMA, Gunawan Widayat =260 ##$$a 1989 $b Jakarta =300 ##$$a vi, 182 hlm., 21 cm =650 ##$$a Sejarah -studi dan pengajaran =850 ##$$a NBPNMAT